| 000 | 00524 a2200169 4500 | ||
|---|---|---|---|
| 003 | OSt | ||
| 005 | 20240905102928.0 | ||
| 008 | 231019b |||||||| |||| 00| 0 eng d | ||
| 020 | _a9789933103630 | ||
| 040 | _coclc | ||
| 082 |
_a892.78 _bMAR/A |
||
| 100 |
_aMarsho , Gregoire _910489 |
||
| 245 |
_aAl-aqlaniyah fi al-fikr al-arabi al-muasir _bRationality in the modern arab thought / _cGregoire and Khwan |
||
| 260 | _c2012. | ||
| 300 | _a224p. ; | ||
| 942 |
_2ddc _cBK _h892.78 _iMAR/A _k892.78 _mMAR/A |
||
| 999 |
_c42622 _d42622 |
||